Reakční funkce a udržitelnost fiskální politiky

Vymedzenie fiškálnej udržateľnosti a analýza stavu a vývoja dlhových ukazovateľov a odhad historickej reakčnej funkcie fiškálnej politiky v krajinách Európskej únie.

Na minha lista:
Detalhes bibliográficos
Autor principal: Pikhart, Zdeněk
Outros Autores: Pfeifer, Lukáš, Chmelová, Pavla
Formato: Capítulo de Livro
Idioma:tcheco
Assuntos:
Tags: Adicionar Tag
Sem tags, seja o primeiro a adicionar uma tag!

MARC

LEADER 00000naa a2200000 4500
001 0207240
005 20231207125919.1
041 0 |a cze 
044 |a CZ 
245 1 0 |a Reakční funkce a udržitelnost fiskální politiky  |c Zdeněk Pikhart, Lukáš Pfeifer, Pavla Chmelová 
520 |a Vymedzenie fiškálnej udržateľnosti a analýza stavu a vývoja dlhových ukazovateľov a odhad historickej reakčnej funkcie fiškálnej politiky v krajinách Európskej únie. 
610 2 0 |a zodpovednosť rozpočtová 
610 2 0 |a Európska únia 
610 2 0 |a politika fiškálna 
610 2 0 |a kríza finančná 
610 2 0 |a eurozóna 
610 2 0 |a analýza regresná 
610 2 0 |a modely regresné 
100 1 |a Pikhart, Zdeněk 
700 1 |a Pfeifer, Lukáš 
700 1 |a Chmelová, Pavla